000 00741nam a2200217 a 4500
001 000006112
003 OSt
005 20200929151932.0
008 090826s1984 dr 000 0 spa d
040 _aDO-SdBNP
_bspa
_cBNPHU
082 _a346.0482
_bR426p
110 1 _aRepública Dominicana
_bOficina Nacional de Planificación ONAP
_917210
245 1 3 _aLa propiedad intelectual en la República Dominicana /
_cCristóbal Gómez Yangüela.
260 _aSanto Domingo :
_bONAP,
_c1984.
300 _a224 p. ;
_c21 cm.
490 1 _aEstudios jurídicos
_v 29
505 2 _aIncluye nota de contenido.
650 4 _aDerechos de autor
_zRepública Dominicana
_917211
700 1 _aGómez Yangüela, Cristóbal,
_ecomp.
_917052
942 _2ddc
_cLF1
999 _c5908
_d5908